LEADER 01646cam0-2200517---450- 001 990000061110203316 005 19940808 010 $a88-08-10476-1 035 $a0006111 035 $aUSA010006111 035 $a(ALEPH)000006111USA01 035 $a0006111 100 $a19940808d1993|||y|||a0itay0103----ba 101 $aita 102 $aIT 105 $aa00||| 200 1 $aGenetica di popolazione$fDaniel L. Hartl, Andrew G. Clark$g[trad. di: Bianca Cimminelli...[et al.] rev. Luciano Terrenato] 205 $a1. ed. italiana condotta sulla 2. ed. americana 210 $aBologna$cZanichelli$d1993 215 $aXVI, 699 p.$cill.$d24 cm 312 $aPrinciples of population genetics 454 $12001$aPrinciples of population genetics$9103178 610 $aGenetica di popolazioni 676 $a575.15$v19 700 1$aHARTL,$bDaniel L.$067115 701 1$aCLARK,$bAndrew G.$076448 801 $aIT$bSALBC$gISBD 912 $a990000061110203316 951 $a575.15 HAR$b2113 Farm.$c575.15$d00000922 959 $aBK 979 $c20000914$lUSA01$h1728 979 $c20001019$lUSA01$h1055 979 $c20001019$lUSA01$h1453 979 $c20001019$lUSA01$h1500 979 $c20001019$lUSA01$h1538 979 $c20001024$lUSA01$h1513 979 $c20001027$lUSA01$h1518 979 $c20001027$lUSA01$h1522 979 $c20001110$lUSA01$h1709 979 $c20001124$lUSA01$h1207 979 $aPATTY$b90$c20011016$lUSA01$h1606 979 $c20020403$lUSA01$h1613 979 $aPATRY$b90$c20040406$lUSA01$h1605 996 $aPrinciples of population genetics$9103178 997 $aUNISA bas $aFAR LEADER 01372nam 2200325Ia 450 001 996394092503316 005 20231212225308.0 035 $a(CKB)4940000000114775 035 $a(EEBO)2240920130 035 $a(UnM)99896221e 035 $a(UnM)99896221 035 $a(EXLCZ)994940000000114775 100 $a19981002d1693 uy | 101 0 $aeng 135 $aurbn#|||a|bb| 200 10$aProposals for Mr. Clark's supplement to his annotations, which both together make a complete commentary on the Holy Scriptures: being a survey of the whole Bible$b[electronic resource] $eContaining an analytical account, or division of all the Holy Scriptures; according a pleasant prospect into the several rooms of this sacred edifice, and the variety of furniture contained in them 210 $a[London? $cs.n.$d1693] 215 $a[4] p 300 $aPage [3] numbered 1. 300 $aCaption title. 300 $aReproduction of original in the Dr. Williams' Library. 330 $aeebo-0037 700 $aClarke$b Samuel$f1675-1729.$0148543 801 0$bCu-RivES 801 1$bCu-RivES 801 2$bWaOLN 906 $aBOOK 912 $a996394092503316 996 $aProposals for Mr. Clark's supplement to his annotations, which both together make a complete commentary on the Holy Scriptures: being a survey of the whole Bible$93644530 997 $aUNISA